000 01966nam a2200337Ia 4500
003 OSt
005 20201020172307.0
008 191128s2015 mx ado gr 000 0 spa d
020 _a9786071507570
040 _aCO-JMCR
_cCO-JMCR
041 1 _aspa
_heng
082 0 4 _a658.4012 /
_bT367a
_223
100 1 _aThompson, Arthur A.,
_eautor
_911760
245 1 0 _aAdministración estratégica :
_bteoría y caso /
_cArthur A. Thompson, Margaret A. Peteraf, John E. Gamble, [y 1 más] ; Revisión técnica, Gil Armando Sánchez Soto, Carlos Ruiz Díaz, María Eloíza Treviño Ayala [y 3 más] ; traducción, Ricardo Martín Rubio Ruíz
250 _aDecimonovena edición
260 _aMéxico :
_bMcGraw-Hill,
_c2015.
300 _a534 páginas :
_b ilustraciones, diagramas, fotografías, gráficos a color y a blanco y negro ;
_c27 cm.
500 _aIncluye índice análitico. Incluye notas a pie de páginas.
505 0 _a¿Qué es una estrategia y por qué es importante? -- Proyectar la dirección de una compañía: su visión, misión, objetivos y estrategia -- Evaluación del ambiente externo de una compañía -- Evaluar los recursos, capacidades y competitividad de una empresa
520 0 _aPresenta un análisis actualizado y ameno de los conceptos básicos y herramientas analíticas de la administración estratégica
534 _pCrafting and executing strategy. The quest for competitive advantage
546 _aTraducido del inglés
650 _aAdministración estratégica.-- Planificación estratégica-- Gestión empresarial-- Administración de empresas--
_911761
700 1 _aPeteraf, Margaret A.,
_eautora
_911762
700 1 _aGambler, John E.,
_eautor
_911763
700 1 _aSánchez Soto, Gil Armando,
_erevisor
_911764
700 1 _aRuiz Díaz, Carlos,
_erevisor
_911765
700 1 _aTreviño Ayala, María Eloísa,
_erevisora
_911766
700 1 _aRubio Ruíz, Ricardo Martín,
_etraductor
_911767
942 _2ddc
_cBK
999 _c4783
_d4783